Paediatrics Part-II [e resource : question paper] : Final MBBS degree exam, Sep/Oct 2007 (518) (Record no. 205608)

MARC details
000 -LEADER
fixed length control field 00426nam a2200121Ia 4500
008 - FIXED-LENGTH DATA ELEMENTS--GENERAL INFORMATION
fixed length control field 231221s9999 xx 000 0 und d
041 ## - LANGUAGE CODE
Language code of text/sound track or separate title English
082 ## - DEWEY DECIMAL CLASSIFICATION NUMBER
Classification number QPMBBSUG07-1735
245 #0 - TITLE STATEMENT
Title Paediatrics Part-II [e resource : question paper] : Final MBBS degree exam, Sep/Oct 2007 (518)
260 ## - PUBLICATION, DISTRIBUTION, ETC.
Date of publication, distribution, etc. 2007/10
Name of publisher, distributor, etc. NTRU
Place of publication, distribution, etc. Andra Pradesh
650 ## - SUBJECT ADDED ENTRY--TOPICAL TERM
Topical term or geographic name entry element Paediatrics,II,Final,MBBSdegree,exam,sept/oct,2007,[e,:,paper],(518)
942 ## - ADDED ENTRY ELEMENTS (KOHA)
Koha item type Digital Library
Holdings
Date last seen Total checkouts Full call number Accession number Uniform resource identifier Price effective from Category Lost status Damaged status Department Withdrawn status Home library Current library Shelving location Entry date Billdate Currency symbol Conversion rate Discount Old discount
26/01/2024   QPMBBSUG07-1735 DL1735 digital/pesimr/qp/dl1735.pdf 26/01/2024 Digital Library     Central Library   Central Library Central Library Central Library   19/03/2010 RS 1    

© For any Suggestions or Query, please contact the library staff @ librarian@pes.edu or Phone: +9180 2672 1983/ 2108.